| 000 | 00000nam 2200000za 4500 |
| 001 | 9.603132 |
| 003 | CaOODSP |
| 005 | 20210624210923 |
| 007 | cr ||||||||||| |
| 008 | 150406s1998 onc|||||o f|0| 0 fre d |
| 040 | |aCaOODSP|bfre |
| 043 | |an-cn--- |
| 086 | 1 |aSC94-61/22-1998F-PDF |
| 245 | 03|aLa satisfaction des ministres des gouvernements Mulroney face à leurs sous-ministres, 1984-1993 / |h[ressource électronique]|c[par] Jacques Bourgault. |
| 260 | |aOttawa : |bCentre canadien de gestion, |c[1998]. |
| 300 | |a70 p. : |btableaux |
| 490 | 1 |aRapport de recherche ; |vN° 22 |
| 500 | |aLe n° de catalogue (SC94-61/22-1998) et l'ISBN (0-662–63582-5) de l'édition imprimée bilingue ont été incorrectement copiés dans cette édition électronique. |
| 504 | |aBibliographie. |
| 590 | |a12-09-Supp|b2012-03-21 |
| 691 | 07|aFonction publique|2gcpds |
| 710 | 1 |aCanada.|bCentre canadien de gestion. |
| 720 | 1 |aBourgault, Jacques |
| 775 | 08|tThe satisfaction of ministers with the performance of their deputy ministers during the Mulroney governments, 1984-1993 |w(CaOODSP)9.572885 |
| 830 | #0|aRapport de recherche (Centre canadien de gestion)|vN° 22|w(CaOODSP)9.501133 |
| 856 | 40|ahttp://publications.gc.ca|qPDF|s163 Ko|uhttps://publications.gc.ca/collections/Collection/SC94-61-22-1998F.pdf|yN° 22 |